000 00545cam a2200193ua 4500
001 1291
008 110921n ii |||gr||||Z||||||eng
020 _a81-224-1472-9
040 _cMAIN
082 _a333.7
100 _aSomashekar, Ne Thi.,
245 5 _aDevelopement and environmental economics.
_cBy Ne Thi Somashekar.
250 _a1st.
260 _aNew Delhi.:
_bNew age international publishers.,
_c2003.
300 _axvi, 703 p.:
_c25 cm.
653 _aEconomics.
653 _aDevelopement and environmental economics.
942 _cBK
999 _c1192
_d1192